| 000 | 01192cam a2200217 4500 | ||
|---|---|---|---|
| 001 | WB@3612-143 | ||
| 008 | 040819n2004 000 0 eng u | ||
| 035 | _a(Sirsi) u127103 | ||
| 245 | _aSmall investors ready to spend | ||
| 260 | _c2004 | ||
| 490 |
_aEstates Gazette _v(0433) 14 August 2004 (1) |
||
| 520 | _a"Opening the door to property: assessing the needs of small investors in property" has been published. The research report was commissioned jointly by the British Property Federation, Investment Property Forum and RICS and reveals that small investors have £35bn ready for commercial property. Apparently there are at least 6.5m active individual investors in the UK. While 54% of them are aware of commercial property's recent out-performance of equities and bonds, only 5% would even consider investing in more commercial property products in the next 12 months. See the full findings at: http://www.bpf.propertymall.com/research/doc/29. | ||
| 590 | _aWB | ||
| 590 | _aWB | ||
| 650 | _aINVESTORS | ||
| 650 | _aFINANCIAL MARKETS | ||
| 650 | _aPRIVATE INVESTORS | ||
| 650 | _aPROPERTY-COMMERCIAL PROPERTY | ||
| 690 | _aCOMMERCIAL PROPERTY-INVESTMENT | ||
| 942 | _n0 | ||
| 999 |
_c117864 _d117864 |
||